Biblioteca

Theology and strategy of pentecostal missions (Registro nro. 70647)

Detalles MARC
000 -LÍDER
Campo fijo de descripción fija 01119nab a2200229 i 4500
001 - NÚMERO DE CONTROL
Campo de control 768714001
003 - IDENTIFICADOR DEL NÚMERO DE CONTROL
Campo de control CO-MdFUSB
005 - FECHA Y HORA DE LA ULTIMA TRANSACCIÓN
control field 20240731143016.0
008 - ELEMENTOS DE LONGITUD FIJA -- INFORMACIÓN GENERAL
Campo fijo de descripción fija -- Información general 240731t1988 -us||||| |||| 00| 0 eng d
040 ## - FUENTE DE CATALOGACIÓN
Idioma de catalogación spa
Agencia que realiza la transcripción CO-MdFUSB
Agencia que realiza la modificación CO-MdFUSB
041 ## - CÓDIGO DE IDIOMA
Código de idioma para texto/pista de sonido o título separado eng
100 ## - ASIENTO PRINCIPAL--NOMBRE PERSONAL
Nombre personal McClung, Grant,
Término relacionador autor
245 ## - TÍTULO
Título Theology and strategy of pentecostal missions
Mención de responsabilidad / Grant McClung
520 ## - NOTA DE RESUMEN, ETC.
Nota de sumario, etc. Para escribir la reseña introductoria del International Bulletin of Missionary Research, los editores le pidieron a McClung, que resumiera los factores de crecimiento desde su perspectiva sobre la Iglesia Pentecostal. El da respuestas directas a tres preguntas: (1) ¿Qué creen? (2) ¿A quién reclutan? (3) ¿Cómo hacen las cosas?.
546 ## - NOTA DE IDIOMA
Nota de idioma Texto en inglés.
650 #0 - ASIENTO SECUNDARIO DE MATERIA - TERMINO TEMÁTICO
Término temático o nombre geográfico como elemento de entrada Evangelización
9 (RLIN) 362
650 #0 - ASIENTO SECUNDARIO DE MATERIA - TERMINO TEMÁTICO
Término temático o nombre geográfico como elemento de entrada Protestantismo
9 (RLIN) 947
650 #0 - ASIENTO SECUNDARIO DE MATERIA - TERMINO TEMÁTICO
Término temático o nombre geográfico como elemento de entrada Teología práctica
9 (RLIN) 180
773 0# - ASIENTO DE ITEM FUENTE
Biblionumber 49483
Itemnumber 82885
Otro identificador del ítem R2713
Título International Bulletinof Missionary Research
Número de control del registro (CO-MdFUSB)768714001
Número Internacional Normalizado para Publicaciones Seriadas (ISSN) 0272-6122
Parte(s) relacionada(s) / Volumen., número. (mes año), páginas Volumen 12, (número 1, 1988), páginas: 2 - 6
Enumeración y primera página página: 2
942 ## - TIPO DE MATERIAL (KOHA)
Tipo de Item KOHA Artículos de Revista
945 ## - INFORMACIÓN LOCAL DEL REGISTRO
Catalogador Catherine Arias Álvarez - Practicante SENA

No hay ítems disponibles.

Biblioteca FUSBC | Teléfono: (57+4) 349 88 10 Ext. 141| WhatsApp (+57) 3005338115 
E-mail: biblioteca@unisbc.edu.co | Calle 76 87-14 Robledo Palenque, Medellín, Colombia

Con tecnología Koha